Normal view
MARC view
- الريحاني، سليمان طعمة مؤلف/الزريقات،إبراهيم عبدالله م.مشارك/طنوس،عادل جورج م.مشارك
Entry Personal Name
001 - CONTROL NUMBER
- control field: 42721
003 - CONTROL NUMBER IDENTIFIER
- control field: JO-AjAnu
005 - DATE AND TIME OF LATEST TRANSACTION
- control field: 20230606081103.0
008 - FIXED-LENGTH DATA ELEMENTS
- fixed length control field: 230606|| aca||aabn | a|a d
040 ## - CATALOGING SOURCE
- Original cataloging agency: JO-AjAnu
- Transcribing agency: JO-AjAnu
100 ## - HEADING--PERSONAL NAME
- Personal name: الريحاني، سليمان طعمة مؤلف/الزريقات،إبراهيم عبدالله م.مشارك/طنوس،عادل جورج م.مشارك
670 ## - SOURCE DATA FOUND
- Source citation: Work cat.: (JO-AjAnu)21882: الريحاني، سليمان طعمة مؤلف/الزريقات،إبراهيم عبدالله م.مشارك/طنوس،عادل جورج م.مشارك, author, إرشاد ذوي الحاجات الخاصة وأسرهم